[Event "Top12Feminin"]
[Site "Mulhouse"]
[Date "2014.05.10"]
[Round "2.1"]
[White "Javakhishvili, Lela"]
[Black "Daulyte, Deimante"]
[Result "1/2-1/2"]
[WhiteElo "2475"]
[BlackElo "2406"]
[PlyCount "98"]
[EventDate "2014.05.09"]
[EventType "team"]
[EventRounds "5"]
[EventCountry "FRA"]
[WhiteTeam "Bischwiller"]
[BlackTeam "Annemasse"]

1. d4 Nf6 2. c4 e6 3. Nf3 d5 4. Nc3 c5 5. cxd5 cxd4 6. Qa4+ Bd7 7. Qxd4 exd5 8.
Bg5 Nc6 9. Qd3 h6 10. Bh4 Be6 11. e3 Be7 12. Be2 O-O 13. O-O Nb4 14. Qb1 Ne4
15. Bxe7 Qxe7 16. Nb5 Bf5 17. Qd1 Rfd8 18. Nbd4 Bg6 19. Qa4 a5 20. Rfd1 Rd6 21.
Rac1 Rb6 22. Qa3 Qf6 23. Nb5 Rc6 24. Nc3 Rac8 25. Qxa5 Nxc3 26. bxc3 Rxc3 27.
Rxc3 Qxc3 28. a3 Qb2 29. Qxb4 Qxe2 30. Re1 Qa6 31. Nd4 Be4 32. f3 Bg6 33. Kf2
Rc4 34. Qb2 Ra4 35. Ra1 Qd3 36. Ra2 Rc4 37. Qd2 Qb1 38. Rb2 Qa1 39. Ra2 Qb1 40.
Rb2 Qa1 41. Rb3 Ra4 42. Qb2 Qh1 43. Rxb7 Qxh2 44. Ne6 Qh4+ 45. Ke2 Qc4+ 46. Kf2
Qh4+ 47. Ke2 Qc4+ 48. Ke1 Qh4+ 49. Ke2 Qc4+ 1/2-1/2

[Event "Top12Feminin"]
[Site "Mulhouse"]
[Date "2014.05.10"]
[Round "2.2"]
[White "Gara, Anita"]
[Black "Maisuradze, Nino"]
[Result "1-0"]
[WhiteElo "2326"]
[BlackElo "2239"]
[PlyCount "69"]
[EventDate "2014.05.09"]
[EventType "team"]
[EventRounds "5"]
[EventCountry "FRA"]
[WhiteTeam "Annemasse"]
[BlackTeam "Bischwiller"]

1. e4 c5 2. Nf3 Nc6 3. Bb5 d6 4. d4 cxd4 5. Qxd4 Bd7 6. Bxc6 Bxc6 7. Nc3 h6 8.
Qd3 Nf6 9. Nd4 g6 10. Nxc6 bxc6 11. O-O Bg7 12. Qc4 Rc8 13. e5 dxe5 14. Be3 Qc7
15. Rad1 O-O 16. Qa6 Rb8 17. Qa3 Rfe8 18. h3 Bf8 19. b3 a5 20. Rfe1 Nd5 21. Bd2
Nb4 22. Qc1 Kh7 23. Re4 f5 24. Rc4 e6 25. Rh4 f4 26. Ne4 Be7 27. Rg4 h5 28.
Ng5+ Kh6 29. Nxe6 Qc8 30. Bxf4+ Kh7 31. Ng5+ Bxg5 32. Rxg5 exf4 33. Qxf4 Rb7
34. Rd6 Nd5 35. Rxh5+ 1-0

[Event "Top12Feminin"]
[Site "Mulhouse"]
[Date "2014.05.10"]
[Round "2.3"]
[White "Fischer, Julie"]
[Black "Zapata, Karen"]
[Result "0-1"]
[WhiteElo "1968"]
[BlackElo "2216"]
[PlyCount "66"]
[EventDate "2014.05.09"]
[EventType "team"]
[EventRounds "5"]
[EventCountry "FRA"]
[WhiteTeam "Bischwiller"]
[BlackTeam "Annemasse"]

1. e4 d6 2. d4 g6 3. Nc3 Bg7 4. g4 Nf6 5. g5 Nfd7 6. Bg2 c6 7. Nge2 b5 8. Ng3
Bb7 9. O-O h5 10. h4 Nb6 11. f4 N8d7 12. Nce2 Qc7 13. f5 c5 14. c3 cxd4 15.
cxd4 Rc8 16. fxg6 fxg6 17. Nf4 Nf8 18. Bh3 Nbd7 19. Ne6 Nxe6 20. Bxe6 d5 21. e5
Qb6 22. Bf7+ Kd8 23. Rf2 Rf8 24. Qd3 Rxf7 25. Rxf7 Nxe5 26. Qf1 Nxf7 27. Qxf7
Qxd4+ 28. Qf2 Qd1+ 29. Nf1 Rc2 30. Bd2 Qxa1 31. Ba5+ Ke8 32. Qxc2 Bd4+ 33. Kg2
Qxb2 0-1

[Event "Top12Feminin"]
[Site "Mulhouse"]
[Date "2014.05.10"]
[Round "2.4"]
[White "Roumegous, Marina"]
[Black "Fesselier, Melissa"]
[Result "0-1"]
[WhiteElo "2144"]
[BlackElo "1788"]
[PlyCount "67"]
[EventDate "2014.05.09"]
[EventType "team"]
[EventRounds "5"]
[EventCountry "FRA"]
[WhiteTeam "Bischwiller"]
[BlackTeam "Annemasse"]

1. d4 Nf6 2. Nf3 g6 3. c4 Bg7 4. Nc3 d5 5. Bg5 Ne4 6. cxd5 Nxg5 7. Nxg5 e6 8.
Qd2 exd5 9. Qe3+ Kf8 10. Qf4 Bf6 11. h4 h6 12. Nf3 Kg7 13. g4 c6 14. Bg2 g5 15.
hxg5 Bxg5 16. Qg3 Be6 17. Ne5 Na6 18. f4 Be7 19. g5 hxg5 20. Rxh8 Qxh8 21. fxg5
Qh5 22. Nf3 Rg8 23. e4 Kf8 24. exd5 cxd5 25. O-O-O Bxg5+ 26. Kb1 Be7 27. Qf2
Qg6+ 28. Ka1 Qxg2 29. Qe3 Nb4 30. Ne1 Qg5 31. Qf2 Qg3 32. Qf1 a6 33. a3 Nc6 34.
Qh1 0-1

[Event "Top12Feminin"]
[Site "Mulhouse"]
[Date "2014.05.10"]
[Round "2.1"]
[White "Paehtz, Elisabeth"]
[Black "Collas, Silvia"]
[Result "1-0"]
[WhiteElo "2443"]
[BlackElo "2290"]
[PlyCount "155"]
[EventDate "2014.05.09"]
[EventType "team"]
[EventRounds "5"]
[EventCountry "FRA"]
[WhiteTeam "Mulhouse"]
[BlackTeam "Montpellier"]

1. e4 c5 2. Nc3 Nc6 3. Bb5 Nd4 4. Bc4 e6 5. Nge2 Qc7 6. d3 Nf6 7. O-O a6 8. a4
b6 9. f4 Bb7 10. Ba2 Rc8 11. h3 Qc6 12. Rf2 b5 13. Nxd4 cxd4 14. Ne2 Bc5 15.
Bb3 d6 16. f5 e5 17. Bg5 h6 18. Bxf6 gxf6 19. Ng3 Ke7 20. Qh5 Rh7 21. Qh4 Rg8
22. Nh5 Rg5 23. Rf3 Qe8 24. axb5 axb5 25. Rg3 Rh8 26. Rg4 Qc8 27. Rf1 Bb4 28.
Rd1 Ba5 29. Rxg5 hxg5 30. Qg4 Qg8 31. Qe2 g4 32. Qxg4 Qxg4 33. hxg4 Rg8 34. Ra1
Bb6 35. Kh2 Rxg4 36. Kh3 Rg8 37. g4 Ra8 38. Rxa8 Bxa8 39. Bd5 Bxd5 40. exd5 Ba5
41. Ng3 Bd2 42. Ne4 Be1 43. Kg2 Bh4 44. c3 dxc3 45. bxc3 Kd7 46. Kf1 Ke7 47.
Ke2 Bg5 48. Kd1 Be3 49. Kc2 Bg1 50. Kb2 Be3 51. Ka3 Bb6 52. Kb4 Bd8 53. Kxb5
Kd7 54. Ka6 Kc7 55. Nd2 Be7 56. Nc4 Bf8 57. Na3 Bh6 58. Nb5+ Kd7 59. Kb7 Bd2
60. c4 Bb4 61. Nc7 Ba3 62. Na8 Bc5 63. Nb6+ Kd8 64. Kc6 Ba3 65. Nd7 Ke7 66. Kc7
Bb4 67. Kc8 Ba5 68. Nb8 Bb6 69. Na6 Ba5 70. Kb7 Bc3 71. Kc6 Bd4 72. Kc7 Bc3 73.
c5 Ba5+ 74. Kc6 dxc5 75. d6+ Ke8 76. Nxc5 e4 77. Nxe4 Bd8 78. d4 1-0

[Event "Top12Feminin"]
[Site "Mulhouse"]
[Date "2014.05.10"]
[Round "2.2"]
[White "Vojinovic, Jovana"]
[Black "Richard, Emma"]
[Result "0-1"]
[WhiteElo "2307"]
[BlackElo "2099"]
[PlyCount "85"]
[EventDate "2014.05.09"]
[EventType "team"]
[EventRounds "5"]
[EventCountry "FRA"]
[WhiteTeam "Montpellier"]
[BlackTeam "Mulhouse"]

1. c4 c5 2. Nc3 Nc6 3. d3 g6 4. g4 Bg7 5. Bg2 d6 6. h3 e6 7. Qd2 Nge7 8. b3 O-O
9. Bb2 d5 10. Na4 Bxb2 11. Nxb2 Qa5 12. Qxa5 Nxa5 13. e3 Nac6 14. Ne2 Rd8 15.
Nc3 Rb8 16. Ke2 b6 17. g5 Bb7 18. Rh2 Kg7 19. h4 h5 20. gxh6+ Kxh6 21. Rg1 Ne5
22. Bh1 f5 23. Ncd1 dxc4 24. bxc4 b5 25. cxb5 Bxh1 26. Rhxh1 Rxb5 27. f4 Ng4
28. Nc4 Nd5 29. a3 Rb3 30. Rg2 Nc3+ 31. Nxc3 Rxc3 32. Rd1 Rxc4 33. dxc4 Rxd1
34. Rxg4 fxg4 35. Kxd1 Kh5 36. Ke2 Kxh4 37. Kf2 Kh3 38. a4 Kh2 39. a5 g3+ 40.
Kf3 g2 41. Ke4 g1=Q 42. a6 Qa1 43. f5 0-1

[Event "Top12Feminin"]
[Site "Mulhouse"]
[Date "2014.05.10"]
[Round "2.3"]
[White "Choisy, Mathilde"]
[Black "Hamdouchi, Adina"]
[Result "0-1"]
[WhiteElo "2144"]
[BlackElo "2176"]
[PlyCount "106"]
[EventDate "2014.05.09"]
[EventType "team"]
[EventRounds "5"]
[EventCountry "FRA"]
[WhiteTeam "Mulhouse"]
[BlackTeam "Montpellier"]

1. e4 d5 2. exd5 Qxd5 3. Nc3 Qd6 4. d4 Nf6 5. Nf3 g6 6. Nb5 Qb6 7. c4 c6 8. Nc3
Bg7 9. Be2 O-O 10. O-O Bg4 11. c5 Qc7 12. Be3 Nbd7 13. h3 Bxf3 14. Bxf3 Rad8
15. Qb3 Rfe8 16. Be2 e6 17. Rfd1 Nd5 18. Bg5 N7f6 19. Bf3 Rd7 20. Bh4 Nf4 21.
Bg3 Red8 22. Qa4 g5 23. Qxa7 Rxd4 24. Rxd4 Rxd4 25. a4 Bf8 26. a5 Rb4 27. Na4
Qe5 28. a6 bxa6 29. Qxa6 Bxc5 30. Nxc5 Qxc5 31. Qc8+ Kg7 32. Ra8 Rxb2 33. Qh8+
Kg6 34. h4 Ne2+ 35. Kh2 Nxg3 36. fxg3 gxh4 37. Rg8+ Nxg8 38. Qxb2 hxg3+ 39.
Kxg3 Nh6 40. Qb1+ Nf5+ 41. Kh3 h5 42. Qb8 Qe3 43. Qg8+ Ng7 44. Kh2 Qf4+ 45. Kg1
Qe3+ 46. Kh2 Qe5+ 47. Kh1 c5 48. Qa8 h4 49. Be4+ f5 50. Bf3 c4 51. Qd8 Qe1+ 52.
Kh2 c3 53. Qd3 Qd2 0-1

[Event "Top12Feminin"]
[Site "Mulhouse"]
[Date "2014.05.10"]
[Round "2.4"]
[White "Thuret, Marine"]
[Black "Haussernot, Cecile"]
[Result "1-0"]
[WhiteElo "1912"]
[BlackElo "2006"]
[PlyCount "112"]
[EventDate "2014.05.09"]
[EventType "team"]
[EventRounds "5"]
[EventCountry "FRA"]
[WhiteTeam "Montpellier"]
[BlackTeam "Mulhouse"]

1. e4 c5 2. Nc3 d6 3. f4 Nc6 4. Bb5 Bd7 5. Bc4 g6 6. Nf3 Bg7 7. d3 Nf6 8. O-O
Bg4 9. h3 Bxf3 10. Qxf3 Nd4 11. Qf2 O-O 12. f5 gxf5 13. Bg5 fxe4 14. Bxf6 Bxf6
15. Nxe4 Bg7 16. Bxf7+ Kh8 17. Qh4 e6 18. Qh5 Qe7 19. Bg6 Be5 20. c3 Qg7 21.
Bxh7 Qxh7 22. Qxh7+ Kxh7 23. cxd4 Bxd4+ 24. Kh1 Bxb2 25. Rab1 Rxf1+ 26. Rxf1
Be5 27. Rf7+ Kg6 28. Rxb7 Rf8 29. Rb1 a5 30. Re1 Rf5 31. a4 Rf7 32. Rb1 Rf8 33.
Re1 Kg7 34. Nxc5 Bg3 35. Nxe6+ Kg8 36. Nxf8 Bxe1 37. Nd7 Kf7 38. Nb6 Ke6 39.
Kg1 d5 40. Nc8 Bc3 41. g4 Bd4+ 42. Kg2 Kd7 43. g5 Kxc8 44. h4 Kd7 45. Kf3 Ke6
46. Kg4 Be3 47. h5 Bd4 48. h6 Be5 49. h7 Bg7 50. Kf4 Kf7 51. Kf5 Ke7 52. Kf4
Ke6 53. Kg4 Ke5 54. Kh5 Kf5 55. d4 Bxd4 56. Kh6 Bh8 1-0

[Event "Top12Feminin"]
[Site "Mulhouse"]
[Date "2014.05.10"]
[Round "2.1"]
[White "Milliet, Sophie"]
[Black "Rudolf, Anna"]
[Result "1/2-1/2"]
[WhiteElo "2399"]
[BlackElo "2292"]
[PlyCount "29"]
[EventDate "2014.05.09"]
[EventType "team"]
[EventRounds "5"]
[EventCountry "FRA"]
[WhiteTeam "Evry"]
[BlackTeam "Vandoeuvre"]

1. e4 e6 2. d4 d5 3. Nc3 Nf6 4. Bg5 Be7 5. e5 Nfd7 6. Bxe7 Qxe7 7. f4 O-O 8.
Nf3 c5 9. Bd3 f6 10. O-O cxd4 11. Nb5 Nc6 12. Qe2 fxe5 13. fxe5 Nc5 14. Nbxd4
Bd7 15. Qe3 1/2-1/2

[Event "Top12Feminin"]
[Site "Mulhouse"]
[Date "2014.05.10"]
[Round "2.2"]
[White "Sidibe, Malika"]
[Black "Vega Guttierez, Sabrina"]
[Result "0-1"]
[WhiteElo "1836"]
[BlackElo "2410"]
[PlyCount "72"]
[EventDate "2014.05.09"]
[EventType "team"]
[EventRounds "5"]
[EventCountry "FRA"]

1. Nf3 Nf6 2. c4 g6 3. b3 Bg7 4. Bb2 d6 5. d4 O-O 6. Nc3 c5 7. e3 cxd4 8. Nxd4
d5 9. Be2 e5 10. Nf3 e4 11. Nd4 dxc4 12. Bxc4 a6 13. O-O b5 14. Be2 Bb7 15. Rc1
Nbd7 16. Qc2 Rc8 17. Qb1 Qe7 18. Rfd1 Ne5 19. a3 Rfe8 20. Na2 Nfd7 21. Rxc8
Rxc8 22. Nc1 Qg5 23. Kf1 Nc5 24. g3 Nf3 25. h4 Qg4 26. Nxf3 exf3 27. Bd3 Qh3+
28. Ke1 Qh1+ 29. Bf1 Be4 30. Qa1 Bxb2 31. Qxb2 Bf5 32. b4 Bh3 33. bxc5 Qxf1+
34. Kd2 Qxf2+ 35. Kc3 Rxc5+ 36. Kb3 Be6+ 0-1

[Event "Top12Feminin"]
[Site "Mulhouse"]
[Date "2014.05.10"]
[Round "2.3"]
[White "Rasinaru, Alina"]
[Black "De Talance, Berenice"]
[Result "0-1"]
[WhiteElo "1954"]
[BlackElo "1472"]
[PlyCount "76"]
[EventDate "2014.05.09"]
[EventType "team"]
[EventRounds "5"]
[EventCountry "FRA"]
[WhiteTeam "Evry"]
[BlackTeam "Vandoeuvre"]

1. e4 c5 2. f4 g6 3. Nf3 Nc6 4. Nc3 Bg7 5. d3 e6 6. Be3 Qa5 7. Qd2 Nge7 8. Be2
O-O 9. O-O d5 10. exd5 exd5 11. d4 Qb4 12. Rfd1 cxd4 13. Nxd4 Qxb2 14. Rab1 Qa3
15. Ncb5 Qa4 16. Nxc6 Nxc6 17. Nc7 Rb8 18. Qxd5 Qxc2 19. Bc4 Bf5 20. Bc5 Be4
21. Qg5 Rfd8 22. Rdc1 Qd2 23. Rd1 Qxd1+ 24. Rxd1 Rxd1+ 25. Kf2 Rd2+ 26. Ke3
Rxg2 27. Qh4 Bf5 28. Nd5 Re8+ 29. Kf3 Be4+ 30. Ke3 Bxd5+ 31. Kd3 Be4+ 32. Ke3
Bf5+ 33. Kf3 Rc2 34. Bxa7 Nxa7 35. Bb3 Rc3+ 36. Kg2 Re2+ 37. Kf1 Bd3 38. Qd8+
Re8+ 0-1

[Event "Top12Feminin"]
[Site "Mulhouse"]
[Date "2014.05.10"]
[Round "2.4"]
[White "Charbonnel, Juliette"]
[Black "Huisman, Chloe"]
[Result "0-1"]
[WhiteElo "1248"]
[BlackElo "1954"]
[PlyCount "54"]
[EventDate "2014.05.09"]
[EventType "team"]
[EventRounds "5"]
[EventCountry "FRA"]
[WhiteTeam "Vandoeuvre"]
[BlackTeam "Evry"]

1. e4 d5 2. d3 dxe4 3. dxe4 Qxd1+ 4. Kxd1 Nc6 5. Bc4 Bg4+ 6. f3 Bh5 7. Be3
O-O-O+ 8. Ke2 Nd4+ 9. Bxd4 Rxd4 10. Bb3 Rxe4+ 11. Kf2 Rd4 12. Ne2 Rd8 13. c4 e6
14. Bc2 Bc5+ 15. Kf1 Bg6 16. Bb3 Ne7 17. Nbc3 Nf5 18. Ke1 Ne3 19. Nf4 e5 20.
Nxg6 Nxg2+ 21. Kf1 Ne3+ 22. Ke2 hxg6 23. Ne4 Bd4 24. Rhg1 Rxh2+ 25. Nf2 Nf5 26.
Raf1 Be3 27. a3 Rd2+ 0-1

[Event "Top12Feminin"]
[Site "Mulhouse"]
[Date "2014.05.10"]
[Round "2.1"]
[White "Madl, Ildiko"]
[Black "Agagabean, Naira"]
[Result "1-0"]
[WhiteElo "2328"]
[BlackElo "2180"]
[PlyCount "97"]
[EventDate "2014.05.09"]
[EventType "team"]
[EventRounds "5"]
[EventCountry "FRA"]
[WhiteTeam "Juvisy"]
[BlackTeam "Monaco"]

1. e4 d6 2. d4 Nf6 3. Nc3 c6 4. a4 Nbd7 5. Nf3 e5 6. Bc4 Be7 7. O-O O-O 8. Re1
Qc7 9. h3 b6 10. b3 a6 11. Bb2 Rb8 12. Bd3 b5 13. dxe5 dxe5 14. Ne2 Re8 15. Ng3
Bf8 16. axb5 axb5 17. Qd2 Nc5 18. Bf1 Nfd7 19. Red1 f6 20. Ba3 Ne6 21. Bxf8
Ndxf8 22. Qe3 Bd7 23. Ra7 Rb7 24. Ra2 c5 25. c3 Bc6 26. Rda1 Reb8 27. h4 Be8
28. Nf5 Bf7 29. g3 b4 30. c4 Nd4 31. Nd2 Nfe6 32. Bg2 Rd8 33. Qe1 Qb8 34. Ne3
g6 35. Nd5 Kg7 36. Qe3 Nc7 37. Bf1 Ne8 38. Bd3 Nd6 39. Ra6 Bxd5 40. cxd5 Rc7
41. f4 Qc8 42. fxe5 fxe5 43. Qg5 Nf7 44. Qf6+ Kg8 45. d6 Qh3 46. Nf1 Rcd7 47.
Bc4 Rf8 48. Ra8 Ne2+ 49. Bxe2 1-0

[Event "Top12Feminin"]
[Site "Mulhouse"]
[Date "2014.05.10"]
[Round "2.2"]
[White "Levacic, Melissa"]
[Black "Millet, Maud"]
[Result "1-0"]
[WhiteElo "2000"]
[BlackElo "1983"]
[PlyCount "74"]
[EventDate "2014.05.09"]
[EventType "team"]
[EventRounds "5"]
[EventCountry "FRA"]
[WhiteTeam "Monaco"]
[BlackTeam "Juvisy"]

1. e4 d6 2. d4 Nd7 3. Nf3 e5 4. c3 Ngf6 5. Bd3 Be7 6. O-O O-O 7. Nbd2 c6 8. a4
a5 9. Re1 Re8 10. Nf1 Qc7 11. Ne3 g6 12. Qc2 Nh5 13. g3 Nb6 14. Nc4 Nxc4 15.
Bxc4 Be6 16. Bxe6 fxe6 17. dxe5 dxe5 18. Be3 Ng7 19. Qb3 c5 20. Qb5 b6 21. Nd2
Red8 22. Nc4 Rab8 23. f4 Ne8 24. fxe5 Qb7 25. Bh6 Nc7 26. Qb3 Qc6 27. Qc2 Rd7
28. Rad1 Rbd8 29. Rxd7 Rxd7 30. Rf1 Rd8 31. Qf2 Qe8 32. Nxb6 Na6 33. Nc4 Nb8
34. Nd6 Bxd6 35. exd6 Nd7 36. e5 Nxe5 37. Qf6 Ra8 1-0

[Event "Top12Feminin"]
[Site "Mulhouse"]
[Date "2014.05.10"]
[Round "2.3"]
[White "Fortuit, Emilie"]
[Black "Chung, Mathilde"]
[Result "0-1"]
[WhiteElo "1973"]
[BlackElo "1945"]
[PlyCount "66"]
[EventDate "2014.05.09"]
[EventType "team"]
[EventRounds "5"]
[EventCountry "FRA"]
[WhiteTeam "Juvisy"]
[BlackTeam "Monaco"]

1. e4 e6 2. d4 d5 3. exd5 exd5 4. Bd3 Nc6 5. c3 Bd6 6. Nf3 Nge7 7. O-O Bg4 8.
Nbd2 Qd7 9. Re1 O-O-O 10. Qa4 Kb8 11. h3 Bh5 12. Bc2 f6 13. b4 Rde8 14. b5 Nd8
15. Rb1 g5 16. Ba3 Bxa3 17. Qxa3 Rhg8 18. c4 dxc4 19. Nxc4 g4 20. Nh4 gxh3 21.
b6 axb6 22. Nxb6 cxb6 23. Rxb6 Nd5 24. Rxe8 Rxe8 25. Qg3+ Qc7 26. Rd6 Nc3 27.
Bd3 Be2 28. Nf5 Bxd3 29. Qxd3 Nf7 30. Qxh3 Nxd6 31. Nxd6 Qxd6 32. Qxc3 Rc8 33.
Qe3 Qc7 0-1

[Event "Top12Feminin"]
[Site "Mulhouse"]
[Date "2014.05.10"]
[Round "2.3"]
[White "Lebal-Arias, Julia"]
[Black "Aggoune, Liza"]
[Result "1-0"]
[WhiteElo "1810"]
[BlackElo "1843"]
[PlyCount "129"]
[EventDate "2014.05.09"]
[EventType "team"]
[EventRounds "5"]
[EventCountry "FRA"]
[WhiteTeam "Monaco"]
[BlackTeam "Juvisy"]

1. d4 d5 2. Nf3 Nf6 3. c3 e6 4. Bg5 c5 5. e3 Nc6 6. Nbd2 Bd6 7. Bd3 Bd7 8. O-O
Qe7 9. dxc5 Bxc5 10. e4 h6 11. Bxf6 Qxf6 12. exd5 exd5 13. Re1+ Ne7 14. Qe2 O-O
15. Qe5 Qb6 16. Re2 Be6 17. b4 Bd6 18. Qd4 Qc7 19. a3 Nc6 20. Qh4 Ne5 21. Nxe5
Bxe5 22. Rc1 Bf6 23. Qg3 Qxg3 24. hxg3 Rac8 25. Nb1 Rc7 26. Rec2 Rfc8 27. Kf1
Bd7 28. b5 g5 29. f4 gxf4 30. gxf4 Kf8 31. g3 Ke7 32. Kg2 Rg8 33. Kf2 h5 34.
Rh1 Rh8 35. f5 Kd6 36. Kf3 Be5 37. a4 Rg8 38. Rg1 h4 39. g4 h3 40. Rh1 h2 41.
Rhxh2 Bxh2 42. Rxh2 Rcc8 43. Kf4 Rh8 44. Rd2 Kc5 45. Be2 Rce8 46. Bf3 Kc4 47.
Bxd5+ Kc5 48. Bxf7 Rd8 49. Rd5+ Kb6 50. Na3 Rhf8 51. Nc4+ Kc7 52. Ne5 Kc8 53.
c4 Kc7 54. g5 Rxf7 55. Nxf7 Rf8 56. g6 Be8 57. Ne5 a6 58. g7 Rg8 59. f6 axb5
60. axb5 b6 61. Kf5 Bh5 62. Rd7+ Kc8 63. Ra7 Kb8 64. Nc6+ Kc8 65. Ra8+ 1-0

[Event "Top12Feminin"]
[Site "Mulhouse"]
[Date "2014.05.10"]
[Round "2.1"]
[White "Brunello, Marina"]
[Black "Wohlers-Armas, Friederike"]
[Result "1-0"]
[WhiteElo "2304"]
[BlackElo "2020"]
[PlyCount "123"]
[EventDate "2014.05.09"]
[EventType "team"]
[EventRounds "5"]
[EventCountry "FRA"]
[WhiteTeam "Villepinte"]
[BlackTeam "Naujac"]

1. e4 g6 2. d4 c6 3. h3 d5 4. e5 h5 5. Bd3 Nh6 6. Nf3 Na6 7. c3 Qb6 8. Qe2 Nc7
9. O-O Bf5 10. Nbd2 Bxd3 11. Qxd3 e6 12. Ng5 Be7 13. Nb3 Nf5 14. Bf4 a5 15. Nd2
Ra7 16. Rab1 Na6 17. Ngf3 Qd8 18. Be3 h4 19. Qe2 Rh5 20. a3 a4 21. c4 Nc7 22.
Rfc1 Kf8 23. Qd3 Kg7 24. Rc2 dxc4 25. Rxc4 Nd5 26. Ne4 Qa8 27. Bg5 Bxg5 28.
Nfxg5 Qd8 29. Nf3 Qa8 30. Rbc1 Nb6 31. R4c2 Qd8 32. Nc5 Ne7 33. Rd1 Ned5 34.
Ne4 Ra5 35. Nc5 Ra7 36. Qe4 Qe7 37. Rd3 Ra5 38. Nh2 Rb5 39. Rf3 Qg5 40. Nxb7
Rxb2 41. Rxb2 Qc1+ 42. Nf1 Qxb2 43. Nd6 Rf5 44. Nxf5+ exf5 45. Qxh4 f4 46. g3
Qxd4 47. gxf4 Qe4 48. Qg3 Nc4 49. h4 Ne7 50. Rd3 Nd5 51. Qf3 Qf5 52. Ng3 Qe6
53. Rd4 Ncb6 54. h5 c5 55. Rd1 c4 56. hxg6 fxg6 57. Qe4 c3 58. f5 gxf5 59.
Nxf5+ Kf8 60. Nd4 Qh6 61. Qg4 Nf4 62. Qxf4+ 1-0

[Event "Top12Feminin"]
[Site "Mulhouse"]
[Date "2014.05.10"]
[Round "2.2"]
[White "Zickelbein, Eva-Maria"]
[Black "Safranska, Anda"]
[Result "1/2-1/2"]
[WhiteElo "2065"]
[BlackElo "2262"]
[PlyCount "75"]
[EventDate "2014.05.09"]
[EventType "team"]
[EventRounds "5"]
[EventCountry "FRA"]
[WhiteTeam "Naujac"]
[BlackTeam "Villepinte"]

1. Nc3 g6 2. h4 h5 3. e4 Bg7 4. d4 d6 5. Nh3 Bxh3 6. Rxh3 a6 7. Bc4 Nc6 8. Be3
e6 9. Bb3 Nge7 10. d5 exd5 11. Nxd5 Nxd5 12. Bxd5 Rb8 13. Bxc6+ bxc6 14. Bd4
O-O 15. Bxg7 Kxg7 16. Qd4+ Kh7 17. O-O-O c5 18. Qc3 Qe7 19. e5 Rb4 20. exd6
cxd6 21. Re3 Qxh4 22. g3 Qg4 23. Qf6 Rd4 24. Rxd4 Qxd4 25. Qxd4 cxd4 26. Rd3 g5
27. Rxd4 Rd8 28. Kd2 Kg6 29. c4 f6 30. b4 Kf5 31. Ke3 Rb8 32. c5 dxc5 33. bxc5
Rc8 34. Rd5+ Ke6 35. Rd6+ Kf5 36. Rd5+ Ke6 37. Rd6+ Kf5 38. Rd5+ 1/2-1/2

[Event "Top12Feminin"]
[Site "Mulhouse"]
[Date "2014.05.10"]
[Round "2.3"]
[White "Bellaiche, Elise"]
[Black "Armas, Lena"]
[Result "0-1"]
[WhiteElo "2041"]
[BlackElo "1891"]
[PlyCount "120"]
[EventDate "2014.05.09"]
[EventType "team"]
[EventRounds "5"]
[EventCountry "FRA"]

1. e4 d5 2. exd5 Qxd5 3. Nc3 Qd6 4. d4 Nf6 5. Nf3 a6 6. a4 Bg4 7. h3 Bh5 8. g4
Bg6 9. Bg2 Nc6 10. Be3 O-O-O 11. O-O e5 12. dxe5 Nxe5 13. Nxe5 Qxe5 14. Qf3 c6
15. Bf4 Qa5 16. Qg3 Bb4 17. Rfe1 Bxc2 18. Rec1 Bd3 19. Bb8 Rd7 20. Bf4 Rhd8 21.
Kh2 Re8 22. Re1 Bc4 23. Rxe8+ Nxe8 24. Re1 Be6 25. Qe3 Bd6 26. Bxd6 Rxd6 27.
Ne4 Rd8 28. Rc1 Bd5 29. Qg5 Qc7+ 30. Kg1 h6 31. Qe3 Qe5 32. Re1 Nd6 33. Nxd6+
Qxd6 34. Bxd5 Qxd5 35. Qe7 Qd7 36. Qe5 g6 37. b4 h5 38. Re4 hxg4 39. hxg4 Qd1+
40. Kg2 Qd5 41. Qxd5 Rxd5 42. Rf4 f5 43. gxf5 Rxf5 44. Rg4 g5 45. Kg3 Kd7 46.
Rd4+ Ke6 47. Re4+ Re5 48. Rd4 b6 49. f3 c5 50. bxc5 bxc5 51. Rd8 c4 52. Rc8 Kd5
53. Kg4 Kd4 54. f4 gxf4 55. Kxf4 Ra5 56. Rd8+ Kc3 57. Ke3 Rxa4 58. Rd1 Kc2 59.
Rd2+ Kb3 60. Rd1 c3 0-1

[Event "Top12Feminin"]
[Site "Mulhouse"]
[Date "2014.05.10"]
[Round "2.4"]
[White "Armas, Lara-Maria"]
[Black "Lialy Yao, Rakina"]
[Result "1-0"]
[WhiteElo "1932"]
[BlackElo "1393"]
[PlyCount "99"]
[EventDate "2014.05.09"]
[EventType "team"]
[EventRounds "5"]
[EventCountry "FRA"]
[WhiteTeam "Naujac"]
[BlackTeam "Villepinte"]

1. d4 d5 2. c4 c6 3. Nc3 Nf6 4. cxd5 cxd5 5. Bg5 e6 6. e3 a6 7. Nf3 Be7 8. Bd3
Nc6 9. Ne5 Nxe5 10. dxe5 Nd7 11. Bxe7 Qxe7 12. f4 Nc5 13. Bc2 Bd7 14. O-O Bc6
15. Ne2 Bb5 16. Re1 Bxe2 17. Qxe2 O-O 18. Qf3 b5 19. g4 b4 20. g5 Rfd8 21. Rad1
Qf8 22. h4 g6 23. h5 Qe7 24. Kg2 Kf8 25. Rh1 Kg8 26. hxg6 fxg6 27. Rh6 Nd7 28.
Bxg6 Nxe5 29. Bxh7+ Qxh7 30. fxe5 Qe4 31. Rxe6 Qxf3+ 32. Kxf3 Re8 33. Rxe8+
Rxe8 34. Rxd5 Ra8 35. Rd7 a5 36. Ke4 a4 37. e6 b3 38. a3 Ra5 39. g6 Rc5 40. e7
Rc4+ 41. Kd3 Rc8 42. Rd8+ Rxd8+ 43. exd8=Q+ Kg7 44. Ke4 Kxg6 45. Qf8 Kh7 46.
Qf6 Kg8 47. Qe7 Kh8 48. Kf5 Kg8 49. Kg6 Kh8 50. Qh7# 1-0

[Event "Top12Feminin"]
[Site "Mulhouse"]
[Date "2014.05.10"]
[Round "2.1"]
[White "Schmidt, Jessica"]
[Black "Le Bail, Clara"]
[Result "1/2-1/2"]
[WhiteElo "2291"]
[BlackElo "1975"]
[PlyCount "183"]
[EventDate "2014.05.09"]
[EventType "team"]
[EventRounds "5"]
[EventCountry "FRA"]
[WhiteTeam "Strasbourg"]
[BlackTeam "Migne"]

1. d4 Nf6 2. c4 g6 3. Nc3 d5 4. Bg5 Bg7 5. Bxf6 Bxf6 6. cxd5 c6 7. dxc6 Nxc6 8.
e3 O-O 9. Nf3 Qa5 10. Qd2 Bf5 11. Bb5 e5 12. Bxc6 bxc6 13. dxe5 Rfd8 14. Qc1
Bxe5 15. Nxe5 Qxe5 16. O-O Rab8 17. Re1 h5 18. b3 Rd3 19. Ne2 c5 20. Nf4 Rc3
21. Qd1 c4 22. Qd5 Qxd5 23. Nxd5 Rc2 24. Ne7+ Kg7 25. Nxf5+ gxf5 26. g3 Rd8 27.
Rec1 Rdd2 28. Rxc2 Rxc2 29. bxc4 Rxc4 30. Rd1 Ra4 31. Rd2 Kg6 32. Kg2 a5 33.
Kf3 f6 34. h4 Ra3 35. Ke2 Kf7 36. Kd1 Ke6 37. Kc1 Ke5 38. Kb2 Ra4 39. Kb3 Rb4+
40. Kc3 Ra4 41. Kb3 Rb4+ 42. Ka3 Ke4 43. Rc2 Kf3 44. Rc5 Kxf2 45. Rxa5 Re4 46.
Rxf5+ Kxg3 47. Rxh5 Rxe3+ 48. Kb2 Kg4 49. Rh8 f5 50. h5 Rh3 51. h6 f4 52. h7
Kf3 53. a4 Rh5 54. Kb3 Kf2 55. Rf8 Rxh7 56. Rxf4+ Ke3 57. Rc4 Kd3 58. Rc5 Kd4
59. Rb5 Rh1 60. Kb4 Rb1+ 61. Ka5 Ra1 62. Rg5 Kc4 63. Rg4+ Kc5 64. Ka6 Rf1 65.
Ka5 Rf8 66. Rg5+ Kc6 67. Rb5 Rf4 68. Rb1 Rf5+ 69. Ka6 Kc7 70. a5 Kc8 71. Rb6
Kc7 72. Rh6 Rf8 73. Ka7 Rg8 74. a6 Rf8 75. Rh1 Rc8 76. Rb1 Kc6 77. Rb6+ Kc7 78.
Rg6 Rf8 79. Rg7+ Kc6 80. Rb7 Rc8 81. Rb8 Rc7+ 82. Ka8 Kd7 83. Rb1 Rc8+ 84. Kb7
Rc7+ 85. Kb6 Rc6+ 86. Kb5 Rc7 87. Rh1 Rc2 88. Rb1 Kc7 89. Rb4 Ra2 90. Rc4+ Kb8
91. Rh4 Rb2+ 92. Kc6 1/2-1/2